skbl

Dr Suryya Kumar Bhuyan Library Web-OPAC
ডঃ সূৰ্য্য
কুমাৰ ভূঞা পুথিভঁৰাল ৱেব-অ'পেক

All Research Scholars are advised to clear the annual library fees to continue using Library Resources, Remote Access, Plagiarism Test and Library Clearance.

Cotton University Book Fair 2026

Management Information Systems ( Conceptual Foundations,Structure And Development) / (Record no. 52406)

MARC details
000 -LEADER
fixed length control field 00980nam a2200313Ia 4500
001 - CONTROL NUMBER
control field 52442
005 - DATE AND TIME OF LATEST TRANSACTION
control field 20240114005305.0
007 - PHYSICAL DESCRIPTION FIXED FIELD--GENERAL INFORMATION
fixed length control field ta
008 - FIXED-LENGTH DATA ELEMENTS--GENERAL INFORMATION
fixed length control field 100730s2008 g b000 u 903 u
020 ## - INTERNATIONAL STANDARD BOOK NUMBER
International Standard Book Number 13:978-0-07-040267-6
040 ## - CATALOGING SOURCE
Original cataloging agency Cotton College,Assam
041 ## - LANGUAGE CODE
Language code of text/sound track or separate title 903
082 ## - DEWEY DECIMAL CLASSIFICATION NUMBER
Classification number 658.4038
Item number Da 293 Ma
100 ## - MAIN ENTRY--PERSONAL NAME
Personal name Davis, Gordon B. .
245 #0 - TITLE STATEMENT
Title Management Information Systems ( Conceptual Foundations,Structure And Development) /
Statement of responsibility, etc. Gordon B.Davis & Margrethe H.Olson.
Medium Textual Documents
250 ## - EDITION STATEMENT
Edition statement 2nd ed. /
260 ## - PUBLICATION, DISTRIBUTION, ETC.
Place of publication, distribution, etc. New Delhi :
Name of publisher, distributor, etc. Tata McGraw-Hill Publishing Company Limited ,
Date of publication, distribution, etc. 2008.
300 ## - PHYSICAL DESCRIPTION
Extent 693pg ;
Dimensions 17cm.
653 ## - INDEX TERM--UNCONTROLLED
Uncontrolled term Conceptual Foundations,Structure And Development)
653 ## - INDEX TERM--UNCONTROLLED
Uncontrolled term Deptt- Computer science
653 ## - INDEX TERM--UNCONTROLLED
Uncontrolled term Computer science
653 ## - INDEX TERM--UNCONTROLLED
Uncontrolled term G- Computer science
700 ## - ADDED ENTRY--PERSONAL NAME
Personal name Olson, Margrethe H. .
942 ## - ADDED ENTRY ELEMENTS (KOHA)
Source of classification or shelving scheme Dewey Decimal Classification
Koha item type Books
Holdings
Withdrawn status Lost status Damaged status Not for loan Collection Home library Current library Date acquired Coded location qualifier Total checkouts Full call number Barcode Date last seen Copy number Price effective from Koha item type
          Dr. Suryya Kumar Bhuyan Library Dr. Suryya Kumar Bhuyan Library 01/02/2012 00000   658.4038 Da 293 Ma 046/comp 14/01/2024 3 01/02/2012 Books
          Dr. Suryya Kumar Bhuyan Library Dr. Suryya Kumar Bhuyan Library 01/02/2012 00000   658.4038 Da 293 Ma 044/comp 14/01/2024 1 01/02/2012 Books
          Dr. Suryya Kumar Bhuyan Library Dr. Suryya Kumar Bhuyan Library 01/02/2012 00000   658.4038 Da 293 Ma 045/Comp 14/01/2024 2 01/02/2012 Books

Designed and Maintained by Team SKBL
©1901-2026

Powered by Koha